ბათუმის შოთა რუსთაველის სახელმწიფო უნივერსიტეტის ბიბლიოთეკა

ხელეური. [ქართველი მწერლების] ახალი მოთხრობების კრებული (ბიბ.ჩანაწერი № 49061)

000 -LEADER
fixed length control field 00942nam a2200205Ia 4500
001 - CONTROL NUMBER
control field 15967
003 - CONTROL NUMBER IDENTIFIER
control field GE_BSU
008 - FIXED-LENGTH DATA ELEMENTS--GENERAL INFORMATION
fixed length control field 181216s||||||||xx |||||||||||||| ||und||
040 ## - CATALOGING SOURCE
Transcribing agency GE_BSU
080 ## - UNIVERSAL DECIMAL CLASSIFICATION NUMBER
Universal Decimal Classification number 821.353.1-32
245 ## - TITLE STATEMENT
Title ხელეური. [ქართველი მწერლების] ახალი მოთხრობების კრებული
245 ## - TITLE STATEMENT
Statement of responsibility, etc. სარედ. კოლეგია: ალ. გომიაშვილი, ს. ჭილაია, გ. შატბერაშვილი და სხვა. მხ. ლ.გრიგოლია
260 ## - PUBLICATION, DISTRIBUTION, ETC.
Place of publication, distribution, etc. თბილისი
260 ## - PUBLICATION, DISTRIBUTION, ETC.
Name of publisher, distributor, etc. საბჭ. საქართველო
260 ## - PUBLICATION, DISTRIBUTION, ETC.
Date of publication, distribution, etc. 1966
300 ## - PHYSICAL DESCRIPTION
Extent 315გვ. ; 22სმ.
653 ## - INDEX TERM--UNCONTROLLED
Uncontrolled term ქართველი მწერლების] ახალი მოთხრობების კრებული
653 ## - INDEX TERM--UNCONTROLLED
Uncontrolled term ხელეური
942 ## - ADDED ENTRY ELEMENTS (KOHA)
Koha item type წიგნი
ეგზემპლარები
Withdrawn status Lost status Damaged status Not for loan Date acquired Barcode Date last seen Price effective from Koha item type
        2018-12-17 39472 2018-12-17 2018-12-17 წიგნი
        2018-12-17 39473 2018-12-17 2018-12-17 წიგნი